999 grullas y un loro /

Los bichos de la plaza se reúnen todas las tardes bajo el tilo a escuchar a un loro verde inteligente y hablador. Este loro no repite palabras, si no cuentos. Y hay uno en especial que es el preferido de la audiencia, uno que las grullas traen desde Japón.

Guardado en:
Autor Principal: Schujer, Silvia.
Otros Autores: Thiery, Gaby; il.
Formato: Libro
Idioma:Undetermined
Publicado: Madrid : SM, 2018.
Series:El barco de vapor. Naranja ; 53
Materias:
Etiquetas: Agregar Etiqueta
Sin Etiquetas, Sea el primero en etiquetar este registro!
LEADER 00913nam a22002175a 4500
001 CEM.cems019737
008 221017s2018####sp############000#0#und#d
005 20221107085132.0
245 1 0 |a 999 grullas y un loro /  |c Silvia Schujer; ilustraciones de Gaby Thiery. 
260 |a Madrid :  |b SM,  |c 2018. 
300 |a 97 p. ;  |c 20 cm. 
490 1 |a El barco de vapor. Naranja ;  |v 53 
520 |a Los bichos de la plaza se reúnen todas las tardes bajo el tilo a escuchar a un loro verde inteligente y hablador. Este loro no repite palabras, si no cuentos. Y hay uno en especial que es el preferido de la audiencia, uno que las grullas traen desde Japón. 
020 |a 9789877319576 
100 1 |a Schujer, Silvia. 
700 1 |a Thiery, Gaby; il. 
082 0 4 |a A863.4 
653 |a Literatura Infantil 
653 |a Literatura Juvenil 
653 |a Novela 
859 |a CEMS  |b BIB. CEMS - Inicial y Primaria  |h A863.4  |i Sch79  |k IP  |p 6240  |t Ej.1